[Event "4NCL/Div4/BRJ vs. MET"]
[Site "West Bromwich ENG"]
[Date "2004.05.29"]
[Round "7.1"]
[White "Headlong, Timothy"]
[Black "Noden, Nicolas"]
[Result "1/2-1/2"]
[WhiteElo "2196"]
[BlackElo "2176"]
[PlyCount "107"]
[EventDate "2004.05.29"]

1. Nf3 d6 2. d4 g6 3. c4 Bg7 4. Nc3 Nf6 5. e4 O-O 6. Be2 Nbd7 7. O-O e5 8. Qc2
c6 9. d5 c5 10. a3 Ne8 11. Bd3 Ndf6 12. b4 b6 13. bxc5 bxc5 14. g3 Nh5 15. Rb1
Bg4 16. Nh4 Nf4 17. f3 Bh3 18. Rd1 Nxd3 19. Qxd3 f5 20. Ng2 Nf6 21. Rb7 f4 22.
gxf4 Nh5 23. f5 gxf5 24. exf5 Bxf5 25. Ne4 Bg6 26. Qe2 Rf5 27. Rf1 Kh8 28. Bd2
Nf4 29. Nxf4 exf4 30. Rxg7 Kxg7 31. Bc3+ Kf7 32. Kh1 Qd7 33. Rg1 Re8 34. Qd2
Qe7 35. Bb2 Rf8 36. Qc3 Re5 37. Nxd6+ Qxd6 38. Qxe5 Qxe5 39. Bxe5 Bh5 40. Rf1
Kg6 41. Kg2 Kf5 42. Bd6 Rd8 43. Bxc5 Rc8 44. Bxa7 Rxc4 45. Bb8 Rd4 46. d6 Be8
47. Rf2 Rd3 48. Rc2 Bh5 49. Rc5+ Kg6 50. d7 Rd2+ 51. Kh3 Rxd7 52. Bxf4 Bxf3 53.
Rc3 Be4 54. Kg4 1/2-1/2

[Event "4NCL/Div4/BRJ vs. MET"]
[Site "West Bromwich ENG"]
[Date "2004.05.29"]
[Round "7.2"]
[White "Dunn, Alan"]
[Black "Haydon, Richard"]
[Result "0-1"]
[WhiteElo "2111"]
[BlackElo "2197"]
[PlyCount "104"]
[EventDate "2004.05.29"]

1. e4 c5 2. Nf3 Nc6 3. d4 cxd4 4. Nxd4 e6 5. Nc3 a6 6. Be2 Qc7 7. Nb3 Nf6 8. f4
d6 9. Be3 Be7 10. O-O O-O 11. a4 b6 12. Bf3 Bb7 13. Qe1 Rab8 14. Qf2 Ba8 15.
Kh1 Rfe8 16. g4 d5 17. e5 Nxg4 18. Bxg4 d4 19. Bf3 dxe3 20. Qxe3 Bb4 21. Ne4
Ne7 22. c3 Nf5 23. Qg1 Be7 24. Nd4 Red8 25. Rae1 Nh4 26. Nf6+ Kh8 27. Bxa8 Rxa8
28. Ne4 Nf5 29. Nxf5 exf5 30. Ng5 Rd2 31. Qg3 Bxg5 32. fxg5 Rad8 33. Rf2 Qc6+
34. Kg1 Qc5 35. Qe3 Rd1 36. Rfe2 Qc4 37. Rxd1 Rxd1+ 38. Kf2 Qh4+ 39. Qg3 Qc4
40. Qf3 h6 41. gxh6 Qh4+ 42. Qg3 Qxh6 43. Kg2 f4 44. Qg4 Qc6+ 45. Kf2 Qc5+ 46.
Kf3 Rf1+ 47. Ke4 Qc4+ 48. Kf5 Qe6+ 49. Kg5 Qh6+ 50. Kf5 f3 51. Re4 f2 52. Qh4
Re1 0-1

[Event "4NCL/Div4/BRJ vs. MET"]
[Site "West Bromwich ENG"]
[Date "2004.05.29"]
[Round "7.3"]
[White "Richmond, Peter A"]
[Black "Calvert, D Ian"]
[Result "1/2-1/2"]
[WhiteElo "2251"]
[BlackElo "2048"]
[PlyCount "34"]
[EventDate "2004.05.29"]

1. e4 d5 2. exd5 Nf6 3. d4 Bg4 4. Qd3 Qxd5 5. Nc3 Qd7 6. Nf3 Nc6 7. Ne5 Qxd4 8.
Nxc6 Qxd3 9. Bxd3 bxc6 10. Bf4 O-O-O 11. f3 Bd7 12. O-O-O e6 13. Ba6+ Kb8 14.
Rd3 Be7 15. Ne4 Bc8 16. Rb3+ Ka8 17. Bd3 Nd5 1/2-1/2

[Event "4NCL/Div4/BRJ vs. MET"]
[Site "West Bromwich ENG"]
[Date "2004.05.29"]
[Round "7.4"]
[White "Djabri, Zafer M"]
[Black "Richmond, Jane"]
[Result "0-1"]
[WhiteElo "2036"]
[BlackElo "2161"]
[PlyCount "80"]
[EventDate "2004.05.29"]

1. c4 e5 2. Nc3 Nc6 3. Nf3 g6 4. d4 exd4 5. Nd5 Bg7 6. Bg5 Nce7 7. Nxd4 f6 8.
Bf4 d6 9. e4 c6 10. Nc3 f5 11. exf5 Bxf5 12. Nxf5 Nxf5 13. Bd3 Qe7+ 14. Kf1 Be5
15. Qd2 O-O-O 16. Re1 Nf6 17. c5 Rhe8 18. cxd6 Qxd6 19. Bxf5+ gxf5 20. Qxd6
Bxd6 21. Rxe8 Nxe8 22. Bg5 Rd7 23. g3 Bb4 24. Ke2 Nd6 25. f3 Nc4 26. Nd1 Bd2
27. Bf6 Rd6 28. Bg7 Bb4 29. f4 Rd2+ 30. Kf3 Kd7 31. Rf1 Rxh2 32. Rf2 Rh1 33.
Nc3 Bc5 34. Re2 Rf1+ 35. Kg2 Rc1 36. Bf6 Ne3+ 37. Kh3 Rh1+ 38. Rh2 Rxh2+ 39.
Kxh2 Ng4+ 40. Kg2 Nxf6 0-1

[Event "4NCL/Div4/BRJ vs. MET"]
[Site "West Bromwich ENG"]
[Date "2004.05.29"]
[Round "7.5"]
[White "Bareham, David"]
[Black "Dickson, George"]
[Result "0-1"]
[WhiteElo "2104"]
[BlackElo "1928"]
[PlyCount "122"]
[EventDate "2004.05.29"]

1. e4 d6 2. d4 Nf6 3. Nc3 g6 4. Bc4 Bg7 5. f3 c6 6. Be3 d5 7. Be2 dxe4 8. fxe4
Qa5 9. Bf3 Be6 10. Nge2 Na6 11. a3 Bg4 12. b4 Qd8 13. O-O Nc7 14. Qd2 Qd7 15.
Na4 b6 16. Nb2 Bxf3 17. gxf3 Rd8 18. Nd3 Nh5 19. a4 Ne6 20. c3 c5 21. bxc5 Nxc5
22. Nxc5 bxc5 23. d5 Qc7 24. Rab1 O-O 25. Rb5 c4 26. Rc5 Qd7 27. Rxc4 e6 28.
Rd1 exd5 29. exd5 Qf5 30. Nf4 Be5 31. Nxh5 Qxh5 32. Rg4 f5 33. Rg2 Qxf3 34. c4
Rfe8 35. Bxa7 Bf4 36. Qc2 Rc8 37. Rf1 Be3+ 38. Bxe3 Qxe3+ 39. Qf2 Rxc4 40. Qxe3
Rxe3 41. Rxf5 Rxa4 42. Rff2 Rd3 43. Rg5 Ra5 44. Re5 Rdxd5 45. Re8+ Kg7 46. Re7+
Kh6 47. h3 Rd3 48. Rff7 Ra1+ 49. Kg2 Ra2+ 50. Kg1 Rd1+ 51. Rf1 Rdd2 52. Rff7
Ra1+ 53. Rf1 Ra3 54. Rff7 Rb2 55. Rxh7+ Kg5 56. Re1 Raa2 57. h4+ Kg4 58. Rh6
Rg2+ 59. Kh1 Rh2+ 60. Kg1 Rag2+ 61. Kf1 Kf3 0-1

[Event "4NCL/Div4/BRJ vs. MET"]
[Site "West Bromwich ENG"]
[Date "2004.05.29"]
[Round "7.6"]
[White "McGuiness, Andrew E"]
[Black "Bourne, Johnathan"]
[Result "1/2-1/2"]
[WhiteElo "1776"]
[BlackElo "2032"]
[PlyCount "59"]
[EventDate "2004.05.29"]

1. e4 e5 2. Nc3 Nc6 3. Nf3 Nf6 4. d4 exd4 5. Nxd4 Bc5 6. Nxc6 bxc6 7. Bd3 d6 8.
O-O Ng4 9. Bf4 g5 10. Bd2 Qe7 11. Qf3 Qe5 12. Qg3 Rg8 13. Qxe5+ Nxe5 14. Be2
Be6 15. Na4 Bb6 16. Nxb6 axb6 17. Bc3 Ke7 18. f4 gxf4 19. Rxf4 Rg5 20. a4 Rag8
21. g3 Bg4 22. Bxg4 Rxg4 23. Raf1 Rxf4 24. Rxf4 Ra8 25. b3 b5 26. axb5 cxb5 27.
Rf5 Ke6 28. h3 Ra2 29. Bxe5 dxe5 30. Rf2 1/2-1/2

[Event "4NCL/Div4/OXF1 vs. CAMB"]
[Site "West Bromwich ENG"]
[Date "2004.05.29"]
[Round "7.1"]
[White "Bilalic, Merim"]
[Black "Alfred, Nathan S W"]
[Result "1/2-1/2"]
[WhiteElo "2290"]
[BlackElo "2356"]
[PlyCount "146"]
[EventDate "2004.05.29"]

1. e4 c5 2. Nc3 Nc6 3. g3 g6 4. Bg2 Bg7 5. d3 d6 6. f4 e6 7. Nf3 Nge7 8. O-O
O-O 9. Be3 Nd4 10. e5 Ndf5 11. Bf2 Nd5 12. Qe2 Nxc3 13. bxc3 b6 14. g4 Ne7 15.
Bh4 Qd7 16. Nd2 Bb7 17. Bxb7 Qxb7 18. Nc4 dxe5 19. fxe5 Nd5 20. Qe1 Qc7 21. Nd6
Nxc3 22. Bf6 Nd5 23. Ne4 Rfe8 24. Qh4 Nxf6 25. Nxf6+ Bxf6 26. exf6 Qd6 27. Rf3
Qd4+ 28. Kg2 h5 29. Raf1 Qxg4+ 30. Qxg4 hxg4 31. Rf4 Red8 32. Rxg4 Rd4 33. Rff4
Rxf4 34. Rxf4 Rd8 35. Kf3 e5 36. Re4 Rd6 37. Rxe5 Rxf6+ 38. Ke3 Re6 39. Rxe6
fxe6 40. Kf4 Kf7 41. Ke5 Ke7 42. a4 g5 43. c3 c4 44. dxc4 Kf7 45. c5 bxc5 46.
c4 Ke7 47. a5 Kf7 48. Kd6 Kf6 49. Kxc5 Ke5 50. h3 Kf4 51. Kd6 e5 52. c5 e4 53.
c6 e3 54. c7 e2 55. c8=Q e1=Q 56. Qg4+ Ke3 57. Qxg5+ Kd3 58. Qf5+ Kd2 59. Qf4+
Kc2 60. Qa4+ Kb1 61. Qb5+ Kc2 62. Qc5+ Kb1 63. Qxa7 Qd2+ 64. Kc6 Qg2+ 65. Kb5
Qe2+ 66. Kb6 Qe3+ 67. Kb7 Qe4+ 68. Kc8 Qe8+ 69. Kc7 Qe7+ 70. Kb6 Qe3+ 71. Ka6
Qe2+ 72. Kb7 Qe4+ 73. Kc8 Qe8+ 1/2-1/2

[Event "4NCL/Div4/OXF1 vs. CAMB"]
[Site "West Bromwich ENG"]
[Date "2004.05.29"]
[Round "7.2"]
[White "Moskovic, David M"]
[Black "Ozeren, Kemal"]
[Result "1-0"]
[WhiteElo "2274"]
[BlackElo "2226"]
[PlyCount "93"]
[EventDate "2004.05.29"]

1. e4 c6 2. d4 d5 3. e5 c5 4. dxc5 Nc6 5. Bb5 e6 6. Be3 Nge7 7. c3 Nf5 8. Bd4
Bd7 9. Bxc6 Bxc6 10. Nf3 Nxd4 11. Qxd4 Qa5 12. b4 Qa6 13. a4 b6 14. cxb6 axb6
15. a5 Be7 16. Nbd2 O-O 17. Nb3 Rfc8 18. axb6 Qxa1+ 19. Nxa1 Rxa1+ 20. Kd2 Rxh1
21. b7 Bxb7 22. Qa7 d4 23. Qxb7 dxc3+ 24. Kc2 Re8 25. Qd7 Kf8 26. b5 Rf1 27. b6
Rxf2+ 28. Kxc3 Rf1 29. b7 Rb1 30. Nd2 Rb4 31. Nc4 Rd8 32. Qc8 Rb5 33. Nd6 Rxb7
34. Qxb7 Bxd6 35. exd6 Rxd6 36. Qc8+ Ke7 37. Qg8 g6 38. Qxh7 Rd5 39. Qh4+ Kf8
40. Qh8+ Ke7 41. h3 g5 42. Qg7 Ke8 43. Kc4 Ke7 44. g3 Rf5 45. Kd4 Kd6 46. Ke4
Rb5 47. Qf8+ 1-0

[Event "4NCL/Div4/OXF1 vs. CAMB"]
[Site "West Bromwich ENG"]
[Date "2004.05.29"]
[Round "7.3"]
[White "Coleman, James"]
[Black "Mutton, Jonathan B"]
[Result "1/2-1/2"]
[WhiteElo "2187"]
[BlackElo "2186"]
[PlyCount "118"]
[EventDate "2004.05.29"]

1. d4 Nf6 2. Bg5 d5 3. e3 c5 4. Bxf6 gxf6 5. c4 dxc4 6. Bxc4 cxd4 7. Qxd4 Qxd4
8. exd4 Nc6 9. Ne2 Bg7 10. Nbc3 O-O 11. O-O f5 12. Rad1 Rd8 13. Rfe1 b6 14. a3
Bb7 15. d5 Ne5 16. Ba2 Ba6 17. Nf4 Bc4 18. Nh5 Bxa2 19. Nxa2 Bh8 20. Ng3 f4 21.
Nf5 Kf8 22. Nb4 Rac8 23. Nc6 Nxc6 24. dxc6 e6 25. Rxd8+ Rxd8 26. c7 Rc8 27. Rd1
Bf6 28. Nd4 Rxc7 29. h3 Rc4 30. Nb5 Bxb2 31. Rd7 Rc1+ 32. Kh2 Be5 33. Nxa7 f3+
34. g3 Rc7 35. Rxc7 Bxc7 36. Nc6 e5 37. Nb4 Bd6 38. Nd5 Bc5 39. Nf6 Ke7 40.
Nxh7 Bxa3 41. Ng5 b5 42. Nxf3 Ke6 43. Nd2 b4 44. Kg2 Kd5 45. Kf3 Kd4 46. Nb3+
Kc3 47. Na5 Kd3 48. Nb3 Bb2 49. h4 f5 50. h5 Kc3 51. Na5 Bc1 52. g4 e4+ 53. Kg2
fxg4 54. Kg3 Kd3 55. Kxg4 Ke2 56. Kf5 Kf3 57. Nb3 Bb2 58. Nd2+ Kxf2 59. Nxe4+
Ke2 1/2-1/2

[Event "4NCL/Div4/OXF1 vs. CAMB"]
[Site "West Bromwich ENG"]
[Date "2004.05.29"]
[Round "7.4"]
[White "Churm, Rohan M"]
[Black "Smallbone, Kieran"]
[Result "1-0"]
[WhiteElo "2172"]
[BlackElo "2147"]
[PlyCount "91"]
[EventDate "2004.05.29"]

1. e4 d6 2. Nc3 c6 3. g3 Nf6 4. Bg2 e5 5. d3 b5 6. a3 Be7 7. h3 Bb7 8. Be3 Nbd7
9. f4 a5 10. Nf3 exf4 11. gxf4 d5 12. e5 Nh5 13. O-O Ng3 14. Re1 Nf5 15. Bf2
Nc5 16. Ne2 Ne6 17. Ng3 Nxg3 18. Bxg3 g6 19. Kh1 Ng7 20. Bf2 Qd7 21. a4 b4 22.
Nd4 c5 23. Nb5 d4 24. Qg4 Qxg4 25. hxg4 Bxg2+ 26. Kxg2 Kd7 27. c3 dxc3 28. bxc3
h5 29. gxh5 Rxh5 30. cxb4 axb4 31. d4 Ne6 32. dxc5 Bxc5 33. Red1+ Ke7 34. Nc7
Rah8 35. Nd5+ Kf8 36. Bg3 g5 37. Nf6 gxf4 38. Nxh5 Rxh5 39. Bf2 Rg5+ 40. Kf1
Rxe5 41. a5 b3 42. a6 b2 43. Ra2 Rh5 44. Bxc5+ Nxc5 45. a7 Rh1+ 46. Kg2 1-0

[Event "4NCL/Div4/OXF1 vs. CAMB"]
[Site "West Bromwich ENG"]
[Date "2004.05.29"]
[Round "7.5"]
[White "Savage, Ben D"]
[Black "Garner, David"]
[Result "0-1"]
[WhiteElo "2208"]
[BlackElo "2168"]
[PlyCount "40"]
[EventDate "2004.05.29"]

1. d4 Nf6 2. Bg5 Ne4 3. Bf4 d5 4. e3 e6 5. Bd3 Nd7 6. Bxe4 dxe4 7. Nd2 f5 8. f3
exf3 9. Ngxf3 Be7 10. Qe2 O-O 11. Qc4 c5 12. Qxe6+ Kh8 13. Qb3 b6 14. O-O-O Bf6
15. Nc4 g6 16. Bd6 Re8 17. Bg3 Qe7 18. Rhe1 Ba6 19. Nd6 Rf8 20. Kb1 Rad8 {
then Garner played Nb8 & Nd7, Savage resigned obviously stunned by Garner's
two extra moves.} 0-1

[Event "4NCL/Div4/OXF1 vs. CAMB"]
[Site "West Bromwich ENG"]
[Date "2004.05.29"]
[Round "7.6"]
[White "Pickard, Charles"]
[Black "Rawlinson, Aidan"]
[Result "0-1"]
[WhiteElo "2080"]
[BlackElo "2056"]
[PlyCount "76"]
[EventDate "2004.05.29"]

1. c4 f5 2. Nc3 Nf6 3. g3 g6 4. Bg2 Bg7 5. e3 O-O 6. Nge2 d6 7. O-O a5 8. Rb1
c6 9. a3 e5 10. d4 e4 11. d5 c5 12. Nb5 Na6 13. Bd2 Nc7 14. Nec3 Ng4 15. Nxc7
Qxc7 16. Nb5 Qe7 17. Bc3 Ne5 18. Bxe5 Bxe5 19. Qd2 b6 20. Nc3 Ba6 21. b3 Rfe8
22. a4 Ra7 23. Rbe1 Qf6 24. Nd1 Rae7 25. f4 exf3 26. Rxf3 Bc8 27. Kh1 Qg5 28.
Nf2 Bd4 29. Nh3 Qh6 30. Nf4 Kh8 31. Re2 Bf6 32. Qd3 Be5 33. Ne6 Bxe6 34. dxe6
Rxe6 35. e4 Bxg3 36. Rxg3 Qc1+ 37. Bf1 Qxf1+ 38. Rg1 Qf4 0-1

[Event "4NCL/Div4/PPA2 vs. SLO3"]
[Site "West Bromwich ENG"]
[Date "2004.05.29"]
[Round "7.1"]
[White "Winfridsson, Håkan"]
[Black "Redpath, Joseph"]
[Result "0-1"]
[WhiteElo "2175"]
[BlackElo "2210"]
[PlyCount "66"]
[EventDate "2004.05.29"]

1. e4 d6 2. d4 Nf6 3. Nc3 c6 4. Bg5 Nbd7 5. Qd2 h6 6. Be3 e5 7. f3 a6 8. Bd3 b5
9. g4 Bb7 10. Nge2 c5 11. dxc5 dxc5 12. Ng3 g6 13. h4 Rc8 14. h5 b4 15. hxg6
fxg6 16. Na4 c4 17. Bf1 Bc6 18. Nb6 c3 19. bxc3 bxc3 20. Qf2 Rb8 21. Nxd7 Nxd7
22. Bxa6 Qa5 23. Bd3 Nc5 24. Bc4 Rb4 25. Qe2 Qa4 26. Bd3 Ne6 27. O-O Nf4 28.
Bxf4 exf4 29. Nf5 Bc5+ 30. Kh1 gxf5 31. exf5+ Be3 32. Rab1 Rg8 33. Qh2 Bxf3+
0-1

[Event "4NCL/Div4/PPA2 vs. SLO3"]
[Site "West Bromwich ENG"]
[Date "2004.05.29"]
[Round "7.2"]
[White "Gough, Michael J"]
[Black "Waddington, Michael P"]
[Result "1-0"]
[WhiteElo "2153"]
[BlackElo "2156"]
[PlyCount "103"]
[EventDate "2004.05.29"]

1. d4 f5 2. g3 Nf6 3. Bg2 d5 4. Nf3 e6 5. O-O Bd6 6. c4 c6 7. b3 O-O 8. Bb2 Bd7
9. Nbd2 Be8 10. Ne5 Nbd7 11. Nd3 Bh5 12. f3 Qe7 13. Qc2 Rac8 14. Rae1 Bb8 15.
e4 fxe4 16. fxe4 dxe4 17. Nxe4 Nxe4 18. Bxe4 Rxf1+ 19. Rxf1 Nf6 20. Bf3 Bg6 21.
Qe2 Re8 22. Ne5 Bxe5 23. Qxe5 Nd7 24. Qa5 a6 25. Qc7 Nf6 26. Qxe7 Rxe7 27. Re1
Kf7 28. Kf2 Rd7 29. Bc3 Bf5 30. Kg2 h6 31. h3 Bg6 32. g4 Rd8 33. Kg3 Rd7 34.
Kf4 Rd8 35. Re3 Rd7 36. Ke5 Bh7 37. Bg2 Rd8 38. Rf3 Bg8 39. h4 Kg6 40. Bh3 Bf7
41. Rf4 Bg8 42. Bb4 Rd7 43. Bf1 Kh7 44. Bd3+ Kh8 45. Bg6 b6 46. g5 Nh7 47. gxh6
gxh6 48. Be8 Rg7 49. Bxc6 Rg1 50. d5 exd5 51. cxd5 Rc1 52. Rc4 1-0

[Event "4NCL/Div4/PPA2 vs. SLO3"]
[Site "West Bromwich ENG"]
[Date "2004.05.29"]
[Round "7.3"]
[White "Goodger, Martyn"]
[Black "Payne, Nick"]
[Result "1-0"]
[WhiteElo "2138"]
[BlackElo "2088"]
[PlyCount "159"]
[EventDate "2004.05.29"]

1. e4 c5 2. Nf3 d6 3. Bc4 Nc6 4. c3 g6 5. O-O Nf6 6. d3 Bg7 7. Bb3 O-O 8. Re1
h6 9. Nbd2 Kh7 10. Nf1 b5 11. Ng3 b4 12. d4 bxc3 13. bxc3 cxd4 14. cxd4 Bg4 15.
Be3 Na5 16. Bc2 Rc8 17. Bd3 Nc4 18. Qe2 Nxe3 19. Qxe3 Bxf3 20. Qxf3 Nd7 21. Nf5
Rc3 22. Nxg7 Kxg7 23. Rac1 Ra3 24. Qe2 Qb6 25. Bb5 Rd8 26. Red1 a6 27. Bc4 Rc8
28. Rb1 Qa7 29. Bb3 Ra5 30. Qf3 e6 31. Qf4 d5 32. exd5 exd5 33. Rbc1 Qb8 34.
Qxb8 Rxb8 35. Rc7 Nf6 36. f3 Rab5 37. Rc5 Re8 38. Kf2 Re7 39. Rxb5 axb5 40. Rc1
Rb7 41. Rc5 Kf8 42. Bxd5 Nxd5 43. Rxd5 Ra7 44. Rxb5 Rxa2+ 45. Kg3 Rd2 46. Rd5
g5 47. Rd8+ Ke7 48. Rh8 Rxd4 49. Rxh6 Rd2 50. h4 gxh4+ 51. Rxh4 Kf6 52. Ra4 Kg6
53. Ra5 Rb2 54. f4 Rc2 55. Rg5+ Kf6 56. Kh4 Rf2 57. g3 Rh2+ 58. Kg4 Rb2 59. Ra5
Kg6 60. Ra6+ Kg7 61. Kg5 Rb3 62. g4 Rb5+ 63. f5 Rc5 64. Kh5 Rb5 65. Ra1 Rc5 66.
Re1 Rb5 67. Kg5 f6+ 68. Kf4 Kf7 69. Ra1 Rb4+ 70. Kg3 Rb7 71. Kh4 Rc7 72. Kh5
Rb7 73. Ra6 Kg7 74. g5 fxg5 75. Kxg5 Rb1 76. Ra7+ Kf8 77. Kg6 Rb8 78. f6 Kg8
79. Rg7+ Kf8 80. Rh7 1-0

[Event "4NCL/Div4/PPA2 vs. SLO3"]
[Site "West Bromwich ENG"]
[Date "2004.05.29"]
[Round "7.4"]
[White "Lutton, J Ezra"]
[Black "Winfridsson, Ola"]
[Result "1/2-1/2"]
[WhiteElo "2138"]
[BlackElo "2057"]
[PlyCount "112"]
[EventDate "2004.05.29"]

1. Nc3 c6 2. e4 d5 3. d3 dxe4 4. Bg5 Nf6 5. dxe4 Qxd1+ 6. Rxd1 Nbd7 7. Bc4 h6
8. Bh4 e6 9. f3 Bb4 10. Nge2 Nb6 11. Bb3 Bc5 12. a3 O-O 13. Ba2 a5 14. Nc1 g5
15. Bg3 Nh5 16. Nd3 Bd4 17. Ne2 Be3 18. Bc7 Nd7 19. Ne5 Nxe5 20. Bxe5 Nf4 21.
Nxf4 gxf4 22. Bf6 Re8 23. e5 b5 24. Rd6 c5 25. Ke2 Ba6 26. b4 cxb4 27. axb4
Rec8 28. Kd3 axb4 29. Bb3 Rc3+ 30. Ke2 Bb7 31. Rhd1 Bd5 32. R1xd5 exd5 33. e6
fxe6 34. Bxc3 bxc3 35. Rxe6 Rd8 36. Rxh6 Kg7 37. Rh5 d4 38. Rxb5 Rh8 39. h3 Re8
40. Bd5 Re5 41. Rb7+ Kf6 42. Be4 Kg5 43. Rg7+ Kf6 44. Rg6+ Kf7 45. Rg4 Ra5 46.
g3 fxg3 47. Rxg3 Ra1 48. Rg4 Rg1 49. h4 Kf6 50. Rxg1 Bxg1 51. f4 Be3 52. Kf3
Bc1 53. h5 Kg7 54. Bg6 Kh6 55. Ke4 d3 56. Kxd3 Bxf4 1/2-1/2

[Event "4NCL/Div4/PPA2 vs. SLO3"]
[Site "West Bromwich ENG"]
[Date "2004.05.29"]
[Round "7.5"]
[White "Quintana, Marcos I"]
[Black "McGowan, Daniel"]
[Result "1/2-1/2"]
[WhiteElo "2047"]
[BlackElo "2072"]
[PlyCount "103"]
[EventDate "2004.05.29"]

1. d4 e6 2. e4 d5 3. exd5 exd5 4. Nf3 Nc6 5. Be2 Bg4 6. O-O Bd6 7. Re1 Nge7 8.
c3 Qd7 9. b4 O-O 10. b5 Bxf3 11. Bxf3 Nd8 12. Qb3 Ne6 13. a4 c5 14. bxc6 bxc6
15. Ba3 Ng6 16. Nd2 Bxa3 17. Qxa3 Nh4 18. Bg4 f5 19. Bd1 Rae8 20. g3 Ng6 21.
Bh5 f4 22. Nf3 Qf7 23. Ne5 Qf5 24. g4 Qg5 25. Bxg6 hxg6 26. f3 Qh6 27. Qd6 Ng5
28. Rf1 Qh3 29. Rae1 Rxe5 30. Rxe5 Nxf3+ 31. Rxf3 Qxf3 32. Qxg6 Qd1+ 33. Kf2
Qd2+ 34. Re2 Qxc3 35. Qe6+ Rf7 36. Qe8+ Rf8 37. Qe6+ Rf7 38. Qe8+ Rf8 39. Qe5
f3 40. Ra2 Qc1 41. g5 Qf4 42. Qxf4 Rxf4 43. Rc2 Rxd4 44. Rxc6 Rxa4 45. Kxf3 Kh7
46. Rd6 Rd4 47. Ra6 Rd1 48. Rxa7 d4 49. Ra6 d3 50. Rd6 d2 51. Ke2 Rg1 52. Kxd2
1/2-1/2

[Event "4NCL/Div4/PPA2 vs. SLO3"]
[Site "West Bromwich ENG"]
[Date "2004.05.29"]
[Round "7.6"]
[White "Payne, Oliver R"]
[Black "Retallick, Lloyd"]
[Result "0-1"]
[WhiteElo "2033"]
[BlackElo "1952"]
[PlyCount "114"]
[EventDate "2004.05.29"]

1. e4 c6 2. d4 d5 3. exd5 cxd5 4. Bd3 Nc6 5. c3 Nf6 6. Ne2 Bg4 7. f3 Bh5 8. O-O
e6 9. Bf4 Bg6 10. Re1 Bd6 11. g3 O-O 12. Bxg6 hxg6 13. Nd2 Nh5 14. Bxd6 Qxd6
15. f4 Nf6 16. Nc1 b5 17. Nd3 b4 18. Qa4 Rab8 19. Nc5 Nd7 20. Nxd7 Qxd7 21.
Rac1 Rfc8 22. Qd1 bxc3 23. bxc3 Na5 24. Re2 Nc4 25. Nxc4 Rxc4 26. Rec2 Qc7 27.
Qd3 Rb6 28. Kf2 Qe7 29. h4 Qa3 30. Qd2 Rbc6 31. Qd3 Qa5 32. Kg2 Qc7 33. Kf2 Ra6
34. Qd2 Ra3 35. Kg2 Ra6 36. Kf2 Rac6 37. Qd3 Rb6 38. Qd2 f6 39. Qd3 Kf7 40. h5
gxh5 41. Qh7 h4 42. Qh5+ Ke7 43. Qxh4 Kd6 44. Qh8 Rb8 45. Qh5 Rb7 46. f5 Qf7
47. Qxf7 Rxf7 48. fxe6 Kxe6 49. Ke3 Re7 50. Kd3 Kf5 51. Rf2+ Kg4 52. Rf4+ Kg5
53. Rcf1 g6 54. R1f3 Rc6 55. Rf2 Re1 56. Kc2 Re3 57. R4f3 Rcxc3+ 0-1

[Event "4NCL/Div4/CHED vs. HKF2"]
[Site "West Bromwich ENG"]
[Date "2004.05.29"]
[Round "7.1"]
[White "Shaw, Robert"]
[Black "Truran, Michael"]
[Result "1-0"]
[WhiteElo "2319"]
[BlackElo "2215"]
[PlyCount "111"]
[EventDate "2004.05.29"]

1. d4 c5 2. c3 e6 3. Nf3 Nf6 4. Bg5 Be7 5. Nbd2 b6 6. e4 cxd4 7. cxd4 Bb7 8.
Bd3 O-O 9. O-O d5 10. e5 Nh5 11. Bxe7 Qxe7 12. g3 Ba6 13. Ne1 g6 14. Bxa6 Nxa6
15. Qa4 Qb7 16. Nd3 Rac8 17. Rac1 Ng7 18. b4 Nb8 19. Qb3 Nf5 20. Qb2 Rxc1 21.
Rxc1 Rc8 22. Rxc8+ Qxc8 23. b5 a5 24. g4 Ne7 25. Nf4 Kg7 26. Ng2 Qc7 27. Ne3
Nd7 28. Kg2 Kf8 29. a4 Ke8 30. h4 Nf8 31. Nf3 Ng8 32. g5 h5 33. gxh6 Nxh6 34.
Qd2 Ng8 35. Ng5 Nh6 36. Nf3 Ng8 37. Nh2 Nh7 38. Nhg4 Kf8 39. Qb2 Kg7 40. Qa3
Nf8 41. Nf6 Qe7 42. Qd6 Qxd6 43. Ne8+ Kh6 44. Nxd6 Kg7 45. Ne8+ Kh8 46. Ng4 Nd7
47. Kf3 Ne7 48. Nh6 Nf5 49. Nxf5 gxf5 50. Kf4 Nf8 51. Kg5 Nh7+ 52. Kh6 Nf8 53.
h5 f4 54. f3 Nd7 55. Kg5 Nf8 56. Kxf4 1-0

[Event "4NCL/Div4/CHED vs. HKF2"]
[Site "West Bromwich ENG"]
[Date "2004.05.29"]
[Round "7.2"]
[White "Fowler, Simon"]
[Black "Smith, Alan A"]
[Result "1-0"]
[WhiteElo "2119"]
[BlackElo "2251"]
[PlyCount "35"]
[EventDate "2004.05.29"]

1. d4 b6 2. e4 Bb7 3. Nc3 e6 4. Bd3 Nf6 5. Nge2 c5 6. d5 exd5 7. exd5 Nxd5 8.
Nxd5 Bxd5 9. Nf4 Bb7 10. O-O Be7 11. Qg4 g6 12. Re1 Nc6 13. Nd5 O-O 14. Bh6 Re8
15. Qf4 f5 16. Bc4 Kh8 17. Rxe7 Rxe7 18. Bg5 1-0

[Event "4NCL/Div4/CHED vs. HKF2"]
[Site "West Bromwich ENG"]
[Date "2004.05.29"]
[Round "7.3"]
[White "Richardson, Alex"]
[Black "Gueneau, Christophe"]
[Result "1/2-1/2"]
[WhiteElo "2091"]
[BlackElo "2117"]
[PlyCount "60"]
[EventDate "2004.05.29"]

1. Nf3 Nf6 2. g3 d5 3. c4 e6 4. Bg2 Be7 5. O-O O-O 6. b3 Ne4 7. Bb2 Bf6 8. Qc2
Bxb2 9. Qxb2 Qf6 10. Qxf6 Nxf6 11. Nc3 c6 12. d3 Nbd7 13. Rab1 Re8 14. Nd2 a5
15. Rfc1 d4 16. Nce4 Rd8 17. Rb2 Nxe4 18. Nxe4 f5 19. Nd6 Nc5 20. Nxc8 Rdxc8
21. a3 Ra6 22. f4 Kf7 23. Kf2 g6 24. h4 Re8 25. Kf3 e5 26. fxe5 Rxe5 27. b4 Na4
28. Rb3 axb4 29. axb4 Nc3 30. Rb2 Re8 1/2-1/2

[Event "4NCL/Div4/CHED vs. HKF2"]
[Site "West Bromwich ENG"]
[Date "2004.05.29"]
[Round "7.4"]
[White "Pym, Thomas W"]
[Black "Sharp, John R"]
[Result "1/2-1/2"]
[WhiteElo "2050"]
[BlackElo "2032"]
[PlyCount "103"]
[EventDate "2004.05.29"]

1. e4 e6 2. d4 d5 3. Nd2 c5 4. exd5 exd5 5. Ngf3 Nc6 6. Bb5 Bd6 7. dxc5 Bxc5 8.
Nb3 Bd6 9. O-O Nge7 10. Bg5 O-O 11. Re1 Bg4 12. Bh4 Re8 13. Bg3 Bxg3 14. hxg3
Qb6 15. Bd3 h6 16. c3 Rad8 17. Qc2 Rc8 18. Qb1 Bxf3 19. gxf3 d4 20. cxd4 Nxd4
21. Nxd4 Qxd4 22. Re4 Qd5 23. Qf1 Ng6 24. Bc4 Qf5 25. Rc1 Qxf3 26. Bd5 Qf6 27.
Bxb7 Rb8 28. Rxe8+ Rxe8 29. b3 Ne5 30. Qa6 Nf3+ 31. Kg2 Qg5 32. Bxf3 Qxc1 33.
Qxa7 Qg5 34. a4 h5 35. Qd4 Rb8 36. b4 h4 37. g4 Rd8 38. Qe3 Qg6 39. b5 f5 40.
Qe7 h3+ 41. Kxh3 Rd4 42. g5 Rxa4 43. Qd8+ Kh7 44. b6 Rb4 45. b7 Qb6 46. Qc8 Kg6
47. Qd7 Rb2 48. Bd5 Qxf2 49. Qf7+ Kxg5 50. Qxg7+ Kf4 51. Qc7+ Kg5 52. Qg7+
1/2-1/2

[Event "4NCL/Div4/CHED vs. HKF2"]
[Site "West Bromwich ENG"]
[Date "2004.05.29"]
[Round "7.5"]
[White "Gilmore, Simon N"]
[Black "Giles, Benjamin"]
[Result "0-1"]
[WhiteElo "1912"]
[BlackElo "2075"]
[PlyCount "78"]
[EventDate "2004.05.29"]

1. e4 d5 2. exd5 Nf6 3. d4 Nxd5 4. c4 Nb6 5. Nc3 g6 6. Nf3 Bg7 7. Be2 O-O 8.
O-O Bg4 9. Be3 Nc6 10. d5 Bxf3 11. Bxf3 Ne5 12. Bxb6 Nxf3+ 13. Qxf3 axb6 14.
Rfe1 Qd6 15. a3 Qc5 16. Qd3 e6 17. Re2 Bxc3 18. Qxc3 exd5 19. cxd5 Qxc3 20.
bxc3 Ra5 21. c4 Rfa8 22. Re7 Rc5 23. d6 cxd6 24. Rxb7 Rxc4 25. Rxb6 Rxa3 26.
Re1 Re4 27. Kf1 Rxe1+ 28. Kxe1 Rd3 29. Ke2 Rd5 30. Ke3 Kg7 31. h4 h5 32. f3 Kf6
33. g3 Ke6 34. Rb4 Ra5 35. Kf4 Re5 36. Rb7 f6 37. Rg7 d5 38. Rxg6 Kf7 39. Rh6
Kg7 0-1

[Event "4NCL/Div4/CHED vs. HKF2"]
[Site "West Bromwich ENG"]
[Date "2004.05.29"]
[Round "7.6"]
[White "Agrech, Pierre"]
[Black "Yu, Yangshi"]
[Result "1-0"]
[WhiteElo "1989"]
[BlackElo "1688"]
[PlyCount "47"]
[EventDate "2004.05.29"]

1. c4 e5 2. g3 Nf6 3. Bg2 Bc5 4. Nc3 c6 5. d3 d5 6. b3 d4 7. Nb1 O-O 8. Nf3 Qe7
9. O-O h6 10. Nbd2 Bd6 11. Qc2 c5 12. Ne4 Nxe4 13. dxe4 f5 14. Nh4 Qf6 15. exf5
Nc6 16. Bd5+ Kh7 17. e4 Nb4 18. Qd1 Nxd5 19. cxd5 Bd7 20. Ng6 Rfc8 21. g4 Be8
22. g5 hxg5 23. Qh5+ Kg8 24. Bxg5 1-0